00536nam a2200181Ia 4500003000400000005001700004008004100021020002200062040000700084041000800091082002300099100006300122245008200185260004200267300001600309365001300325650001600338OSt20230501120817.0210423s2019 xx 000 0 und d a978-93-87907-39-3 cAL aeng a346.066 223bKAPE aKAPOOR (N D);ABBI (Rajni);BHUSHAN (Bharat);KAPOOR (Rajiv); aN D Kapoors elements of company law: including insolvency and bankruptcy code aNew DelhibSultan Chand & Sonsc2019 avii,278bPB b255cINR aCompany Law